000 00516nam a2200181Ia 4500
999 _c23267
_d23267
003 OSt
005 20201124105421.0
008 190216s9999||||xx |||||||||||||| ||und||
020 _a9789381788929
040 _coclc
082 _a920
_bSAJ/B
100 _aSajay, K V
_96880
245 0 _aBithovan Jeevitham Sangeetham Kathukal /
_cK V Sajay
260 _bOlive Publications,
_c2012.
_aKozhikode;
300 _a233p
650 _aIslamic History
942 _cBK
_2ddc
_h920
_iSAJ/B
_k920
_mSAJ/B